PanAm fleet history - Statistics

General Stats
  • This quiz has been taken 10 times
  • The average score is 7 of 21
Answer Stats
Manufacturer Type of aircraft Answer % Correct
Boeing Jet 747-100
86%
Boeing Jet 727-100
71%
Boeing Jet 727-200
71%
Boeing Jet 737-200
57%
Airbus Jet A310-200
57%
Airbus Jet A310-300
57%
Boeing Jet 707-120
43%
Boeing Jet 747-200f
43%
Airbus Jet A300B4
43%
Boeing Jet 707-320b
29%
Boeing Jet 707-320c
29%
Boeing Jet 747-200b
29%
Boeing Jet 747-200c
14%
De Havilland Canada Turboprop Dash 7
14%
McDonnel Douglas Jet DC-10-10
14%
McDonnel Douglas Jet DC-10-30
14%
ATR Turboprop 42
0%
Boeing Jet 720b
0%
Boeing Jet 747SP
0%
BAe Turboprop Jetstream 31
0%
Lockheed Martin Jet L-1011-500 Tristar
0%
No matching quizzes found
Score Distribution
Percent of People with Each Score
Percentile by Number Answered
Your Score History
You have not taken this quiz